Business policy in an Asian context : text and cases (Record no. 84804)
[ view plain ]
| 000 -LEADER | |
|---|---|
| fixed length control field | 00889nam a22002897a 4500 |
| 003 - CONTROL NUMBER IDENTIFIER | |
| control field | URS |
| 005 - DATE AND TIME OF LATEST TRANSACTION | |
| control field | 20250828100458.0 |
| 008 - FIXED-LENGTH DATA ELEMENTS--GENERAL INFORMATION | |
| fixed length control field | 170621b xxu||||| |||| 00| 0 eng d |
| 020 ## - INTERNATIONAL STANDARD BOOK NUMBER | |
| International Standard Book Number | 971-554-068-6 |
| 040 ## - CATALOGING SOURCE | |
| Original cataloging agency | URS |
| Transcribing agency | URS |
| 041 ## - LANGUAGE CODE | |
| Language code of text/sound track or separate title | eng |
| 050 00 - LIBRARY OF CONGRESS CALL NUMBER | |
| Classification number | HD2891.85 |
| Item number | .S65 1989 |
| 100 1# - MAIN ENTRY--PERSONAL NAME | |
| Personal name | Soriano, Emanuel V. |
| Relator term | author |
| 245 ## - TITLE STATEMENT | |
| Title | Business policy in an Asian context : text and cases |
| Statement of responsibility, etc. | Emanuel V. Soriano, Lee C. Nehrt |
| 250 ## - EDITION STATEMENT | |
| Edition statement | Third edition |
| 264 ## - PRODUCTION, PUBLICATION, DISTRIBUTION, MANUFACTURE, AND COPYRIGHT NOTICE | |
| Place of production, publication, distribution, manufacture | Manila |
| Name of producer, publisher, distributor, manufacturer | Sinag - Tala |
| Date of production, publication, distribution, manufacture, or copyright notice | ©1989 |
| 300 ## - PHYSICAL DESCRIPTION | |
| Extent | 594 pages ; |
| Dimensions | 22 cm |
| 336 ## - CONTENT TYPE | |
| Source | rdacontent |
| Content type term | text |
| 337 ## - MEDIA TYPE | |
| Source | rdamedia |
| Media type term | unmediated |
| 338 ## - CARRIER TYPE | |
| Source | rdacarrier |
| Carrier type term | volume |
| 650 ## - SUBJECT ADDED ENTRY--TOPICAL TERM | |
| Topical term or geographic name entry element | Business planning. |
| 650 ## - SUBJECT ADDED ENTRY--TOPICAL TERM | |
| Topical term or geographic name entry element | Business planning -- Asia -- Case studies. |
| 650 ## - SUBJECT ADDED ENTRY--TOPICAL TERM | |
| Topical term or geographic name entry element | Industrial management. |
| 650 ## - SUBJECT ADDED ENTRY--TOPICAL TERM | |
| Topical term or geographic name entry element | Industrial management -- Asia -- Case studies. |
| 700 1# - ADDED ENTRY--PERSONAL NAME | |
| Personal name | Nehrt, Lee C. |
| Relator term | author |
| 942 ## - ADDED ENTRY ELEMENTS (KOHA) | |
| Koha item type | Filipiniana |
| Source of classification or shelving scheme | Library of Congress Classification |
| Withdrawn status | Source of classification or shelving scheme | Damaged status | Not for loan | Collection code | Home library | Current library | Date acquired | Total Checkouts | Full call number | Barcode | Date last seen | Copy number | Price effective from | Koha item type |
|---|---|---|---|---|---|---|---|---|---|---|---|---|---|---|
| Library of Congress Classification | Non-fiction | Morong Graduate Library | Morong Graduate Library | 11/07/2014 | HD2891.85 .S65 1989 | URSMOR-GL-3555 | 11/07/2014 | 1 | 03/02/2019 | Filipiniana | ||||
| Library of Congress Classification | Non-fiction | Morong Graduate Library | Morong Graduate Library | 11/07/2014 | HD2891.85 .S65 1989 | URSMOR-GL-3556 | 11/07/2014 | 2 | 03/02/2019 | Filipiniana | ||||
| Library of Congress Classification | Non-fiction | Morong Graduate Library | Morong Graduate Library | 04/03/2025 | HD2891.85 .S65 1989 | URSMOR-GL-3557 | 04/03/2025 | 3 | 04/03/2025 | Filipiniana | ||||
| Library of Congress Classification | Non-fiction | Morong Graduate Library | Morong Graduate Library | 04/03/2025 | HD2891.85 .S65 1989 | URSMOR-GL-3558 | 04/03/2025 | 4 | 04/03/2025 | Filipiniana | ||||
| Library of Congress Classification | Non-fiction | Morong Graduate Library | Morong Graduate Library | 04/03/2025 | HD2891.85 .S65 1989 | URSMOR-GL-3559 | 04/03/2025 | 5 | 04/03/2025 | Filipiniana |